Most Practiced Religions in Asia - Statistics

General Stats
  • This quiz has been taken 101 times
  • The average score is 4 of 5
Answer Stats
Religions % Correct
Islam
97%
Buddhism
94%
Hinduism
89%
Christianity
81%
Taoism
38%
No matching quizzes found
Score Distribution
Percent of People with Each Score
Percentile by Number Answered
Your Score History
You have not taken this quiz